Eurovision Song Lyrics - United Kingdom - Statistics

General Stats
  • This quiz has been taken 45 times
  • The average score is 128 of 202
Answer Stats
Answer % Correct
a
97%
I
97%
an
90%
the
90%
And
87%
be
79%
I'm
79%
in
79%
To
79%
to
79%
space
77%
was
77%
As
74%
as
74%
go
74%
If
74%
man
74%
my
72%
My
72%
on
72%
there
72%
up
72%
Up
72%
Of
69%
me
67%
Been
64%
home
64%
universe
64%
around
62%
astronaut
62%
I'd
62%
But
59%
but
59%
I've
59%
search
59%
wanna
59%
would
59%
Would
59%
down
56%
nothing
56%
Nothing
56%
human
54%
I'll
54%
only
54%
some
54%
what
54%
black
51%
for
51%
holes
49%
searched
49%
There's
49%
floating
46%
heart
46%
Gravity
44%
thinking
44%
behind
41%
ground
41%
just
41%
left
41%
long
41%
mid-air
41%
satellites
41%
With
41%
'Bout
38%
center
38%
keeps
38%
life
38%
lonely
38%
other
38%
pulling
38%
someone
38%
stick
38%
Stick
38%
you're
38%
else
36%
mind
36%
speak
36%
broken
33%
crashing
33%
world
33%
belong
31%
'Cause
31%
here
31%
navigation
28%
real
28%
systems
28%
dark
26%
No matching quizzes found
Score Distribution
Percent of People with Each Score
Percentile by Number Answered
Your Score History
You have not taken this quiz